Clubs in the English League System to Qualify for Europe 1992-2024 - Statistics

General Stats
  • This quiz has been taken 52 times
  • The average score is 222 of 232
Answer Stats
Season Continental Competition Club % Correct
1992/93 Cup Winners' Cup Arsenal
100%
1993/94 UEFA Cup Arsenal
100%
1995/96 UEFA Cup Arsenal
100%
1996/97 UEFA Cup Arsenal
100%
1997/98 Champions League Arsenal
100%
1998/99 Champions Cup Arsenal
100%
1999/00 Champions League Arsenal
100%
2000/01 Champions League Arsenal
100%
2001/02 Champions League Arsenal
100%
2002/03 Champions League Arsenal
100%
2003/04 Champions League Arsenal
100%
2004/05 Champions League Arsenal
100%
2005/06 Champions League Arsenal
100%
2006/07 Champions League Arsenal
100%
2007/08 Champions League Arsenal
100%
2008/09 Champions League Arsenal
100%
2009/10 Champions League Arsenal
100%
2010/11 Champions League Arsenal
100%
2011/12 Champions League Arsenal
100%
2012/13 Champions League Arsenal
100%
2013/14 Champions League Arsenal
100%
2014/15 Champions League Arsenal
100%
2015/16 Champions League Arsenal
100%
2016/17 Europa League Arsenal
100%
2017/18 Europa League Arsenal
100%
2018/19 Europa League Arsenal
100%
2019/20 Europa League Arsenal
100%
2021/22 Europa League Arsenal
100%
2022/23 Champions League Arsenal
100%
2023/24 Champions League Arsenal
100%
1993/94 Cup Winners' Cup Chelsea
100%
1996/97 Cup Winners' Cup Chelsea
100%
1997/98 Cup Winners' Cup Chelsea
100%
1998/99 Champions Cup Chelsea
100%
1999/00 UEFA Cup Chelsea
100%
2000/01 UEFA Cup Chelsea
100%
2001/02 UEFA Cup Chelsea
100%
2002/03 Champions League Chelsea
100%
2003/04 Champions League Chelsea
100%
2004/05 Champions League Chelsea
100%
2005/06 Champions League Chelsea
100%
2006/07 Champions League Chelsea
100%
2007/08 Champions League Chelsea
100%
2008/09 Champions League Chelsea
100%
2009/10 Champions League Chelsea
100%
2010/11 Champions League Chelsea
100%
2011/12 Champions League Chelsea
100%
2012/13 Champions League Chelsea
100%
2013/14 Champions League Chelsea
100%
2014/15 Champions League Chelsea
100%
2016/17 Champions League Chelsea
100%
2017/18 Europa League Chelsea
100%
2018/19 Champions League Chelsea
100%
2019/20 Champions League Chelsea
100%
2020/21 Champions League Chelsea
100%
2021/22 Champions League Chelsea
100%
2023/24 Conference League Chelsea
100%
1994/95 UEFA Cup Liverpool
100%
1995/96 Cup Winners' Cup Liverpool
100%
1996/97 UEFA Cup Liverpool
100%
1997/98 UEFA Cup Liverpool
100%
1999/00 UEFA Cup Liverpool
100%
2000/01 Champions League Liverpool
100%
2001/02 Champions League Liverpool
100%
2002/03 UEFA Cup Liverpool
100%
2003/04 Champions League Liverpool
100%
2004/05 Champions League Liverpool
100%
2005/06 Champions League Liverpool
100%
2006/07 Champions League Liverpool
100%
2007/08 Champions League Liverpool
100%
2008/09 Champions League Liverpool
100%
2009/10 Europa League Liverpool
100%
2011/12 Europa League Liverpool
100%
2013/14 Champions League Liverpool
100%
2014/15 Europa League Liverpool
100%
2016/17 Champions League Liverpool
100%
2017/18 Champions League Liverpool
100%
2018/19 Champions League Liverpool
100%
2019/20 Champions League Liverpool
100%
2020/21 Champions League Liverpool
100%
2021/22 Champions League Liverpool
100%
2022/23 Europa League Liverpool
100%
2023/24 Champions League Liverpool
100%
2002/03 UEFA Cup Manchester City
100%
2007/08 UEFA Cup Manchester City
100%
2009/10 Europa League Manchester City
100%
2010/11 Champions League Manchester City
100%
2011/12 Champions League Manchester City
100%
2012/13 Champions League Manchester City
100%
2013/14 Champions League Manchester City
100%
2014/15 Champions League Manchester City
100%
2015/16 Champions League Manchester City
100%
2016/17 Champions League Manchester City
100%
2017/18 Champions League Manchester City
100%
2018/19 Champions League Manchester City
100%
2019/20 Champions League Manchester City
100%
2020/21 Champions League Manchester City
100%
2021/22 Champions League Manchester City
100%
2022/23 Champions League Manchester City
100%
2023/24 Champions League Manchester City
100%
1992/93 Champions League Manchester United
100%
1993/94 Champions League Manchester United
100%
1994/95 UEFA Cup Manchester United
100%
1995/96 Champions League Manchester United
100%
1996/97 Champions League Manchester United
100%
1997/98 Champions League Manchester United
100%
1998/99 Champions Cup Manchester United
100%
1999/00 Champions League Manchester United
100%
2000/01 Champions League Manchester United
100%
2001/02 Champions League Manchester United
100%
2002/03 Champions League Manchester United
100%
2003/04 Champions League Manchester United
100%
2004/05 Champions League Manchester United
100%
2005/06 Champions League Manchester United
100%
2006/07 Champions League Manchester United
100%
2007/08 Champions League Manchester United
100%
2008/09 Champions League Manchester United
100%
2009/10 Champions League Manchester United
100%
2010/11 Champions League Manchester United
100%
2011/12 Champions League Manchester United
100%
2012/13 Champions League Manchester United
100%
2014/15 Champions League Manchester United
100%
2015/16 Europa League Manchester United
100%
2016/17 Champions League Manchester United
100%
2017/18 Champions League Manchester United
100%
2018/19 Europa League Manchester United
100%
2019/20 Champions League Manchester United
100%
2020/21 Champions League Manchester United
100%
2021/22 Europa League Manchester United
100%
2022/23 Champions League Manchester United
100%
2023/24 Europa League Manchester United
100%
1993/94 UEFA Cup Newcastle United
100%
1995/96 UEFA Cup Newcastle United
100%
1996/97 Champions League Newcastle United
100%
1997/98 Cup Winners' Cup Newcastle United
100%
1998/99 UEFA Cup Newcastle United
100%
2000/01 Intertoto Cup Newcastle United
100%
2001/02 Champions League Newcastle United
100%
2002/03 Champions League Newcastle United
100%
2003/04 UEFA Cup Newcastle United
100%
2004/05 Intertoto Cup Newcastle United
100%
2005/06 Intertoto Cup Newcastle United
100%
2011/12 Europa League Newcastle United
100%
2022/23 Champions League Newcastle United
100%
1998/99 Intertoto Cup West Ham United
100%
2005/06 UEFA Cup West Ham United
100%
2014/15 Europa League West Ham United
100%
2015/16 Europa League West Ham United
100%
2020/21 Europa League West Ham United
100%
2021/22 Conference League West Ham United
100%
2022/23 Conference League West Ham United
100%
1992/93 UEFA Cup Aston Villa
98%
1993/94 Cup Winners' Cup Aston Villa
98%
1995/96 UEFA Cup Aston Villa
98%
1996/97 UEFA Cup Aston Villa
98%
1997/98 UEFA Cup Aston Villa
98%
1999/00 Intertoto Cup Aston Villa
98%
2000/01 Intertoto Cup Aston Villa
98%
2001/02 Intertoto Cup Aston Villa
98%
2007/08 Intertoto Cup Aston Villa
98%
2008/09 Europa League Aston Villa
98%
2009/10 Europa League Aston Villa
98%
2022/23 Europa League Aston Villa
98%
2023/24 Champions League Aston Villa
98%
1994/95 Cup Winners' Cup Everton
98%
2004/05 Champions League Everton
98%
2006/07 UEFA Cup Everton
98%
2007/08 UEFA Cup Everton
98%
2008/09 Europa League Everton
98%
2013/14 Europa League Everton
98%
2016/17 Europa League Everton
98%
1996/97 UEFA Cup Leicester City
98%
1999/00 UEFA Cup Leicester City
98%
2015/16 Champions League Leicester City
98%
2019/20 Europa League Leicester City
98%
2020/21 Europa League Leicester City
98%
1998/99 UEFA Cup Tottenham Hotspur
98%
2005/06 UEFA Cup Tottenham Hotspur
98%
2006/07 UEFA Cup Tottenham Hotspur
98%
2007/08 UEFA Cup Tottenham Hotspur
98%
2009/10 Champions League Tottenham Hotspur
98%
2010/11 Europa League Tottenham Hotspur
98%
2011/12 Europa League Tottenham Hotspur
98%
2012/13 Europa League Tottenham Hotspur
98%
2013/14 Europa League Tottenham Hotspur
98%
2014/15 Europa League Tottenham Hotspur
98%
2015/16 Champions League Tottenham Hotspur
98%
2016/17 Champions League Tottenham Hotspur
98%
2017/18 Champions League Tottenham Hotspur
98%
2018/19 Champions League Tottenham Hotspur
98%
2019/20 Europa League Tottenham Hotspur
98%
2020/21 Conference League Tottenham Hotspur
98%
2021/22 Champions League Tottenham Hotspur
98%
2023/24 Europa League Tottenham Hotspur
98%
1994/95 UEFA Cup Leeds United
93%
1997/98 UEFA Cup Leeds United
93%
1998/99 UEFA Cup Leeds United
93%
1999/00 Champions League Leeds United
93%
2000/01 UEFA Cup Leeds United
93%
2001/02 UEFA Cup Leeds United
93%
2022/23 Europa League Brighton & Hove Albion
90%
2002/03 UEFA Cup Southampton
88%
2014/15 Europa League Southampton
88%
2015/16 Europa League Southampton
88%
1992/93 UEFA Cup Norwich City
85%
1994/95 UEFA Cup Nottingham Forest
85%
2001/02 Intertoto Cup Fulham
83%
2008/09 Europa League Fulham
83%
2010/11 Europa League Fulham
83%
2012/13 Europa League Swansea City
83%
1993/94 UEFA Cup Blackburn Rovers
80%
1994/95 Champions League Blackburn Rovers
80%
1997/98 UEFA Cup Blackburn Rovers
80%
2001/02 UEFA Cup Blackburn Rovers
80%
2002/03 UEFA Cup Blackburn Rovers
80%
2005/06 UEFA Cup Blackburn Rovers
80%
2006/07 Intertoto Cup Blackburn Rovers
80%
2010/11 Europa League Stoke City
80%
2018/19 Europa League Wolverhampton Wanderers
80%
2010/11 Europa League Birmingham City
78%
2007/08 UEFA Cup Portsmouth
78%
2012/13 Europa League Wigan Athletic
75%
2017/18 Europa League Burnley
73%
2000/01 UEFA Cup Ipswich Town
73%
2013/14 Europa League Hull City
65%
2004/05 UEFA Cup Bolton Wanderers
63%
2006/07 UEFA Cup Bolton Wanderers
63%
2003/04 UEFA Cup Middlesbrough
58%
2004/05 UEFA Cup Middlesbrough
58%
2003/04 UEFA Cup Millwall
45%
1999/00 Intertoto Cup Bradford City
30%
1994/95 Cup Winners' Cup Wrexham
18%
No matching quizzes found
Score Distribution
Percent of People with Each Score
Percentile by Number Answered
Your Score History
You have not taken this quiz